RB 45 Chemnitz ↔ Elsterwerda (Alle 24 Haltestellen) - Statistiken

Allgemein
  • Dieses Quiz wurde 15 mal gespielt
  • Das Durchschnittsergebnis liegt bei 9 aus 24
Antwortstatistiken
Haltestelle % Korrekt
Chemnitz Hbf
100%
Mittweida
89%
Elsterwerda
78%
Riesa
78%
Döbeln Hbf
67%
Zeithain
67%
Chemnitz Kinderwaldstätte
56%
Altmittweida
44%
Erlau (Sachsen)
44%
Gröditz
44%
Oberlichtenau
22%
Ostrau
22%
Ottendorf
22%
Prösen
22%
Stauchitz
22%
Waldheim
22%
Wülknitz
22%
Prösen West
11%
Schweikershain
11%
Seerhausen
11%
Steina
11%
Tiefenau
11%
Zschaitz
11%
Limmritz (Sachsen)
0%
Keine übereinstimmenden Quizze gefunden
Verteilung der Resultate
Anzahl Personen mit jedem Resultat
Perzentil nach korrekt beantworteten Fragen
Ihre Resultats-Entwicklung
Sie haben dieses Quiz noch nicht gespielt